| 000 | 00638nam a22001937a 4500 | ||
|---|---|---|---|
| 005 | 20130820105223.0 | ||
| 010 | _aENG-107840 | ||
| 020 |
_a9789380831602 _c199.00 |
||
| 035 | _aEN-91373 | ||
| 037 | _bDBAD/PUB | ||
| 082 | _a530.124 | ||
| 100 | _aVenu Gopal, R. | ||
| 245 |
_aMechanics and waves and oscillations / _cby R. Venu Gopal [and] S. Sujana |
||
| 260 |
_aHyderabad _bStudentshelpline Publishing House _c2012 |
||
| 270 |
_a326/C, Surneni Nilayam, near B K Guda Park, S.R. Nagar, _bHyderabad _e500038 |
||
| 300 |
_avarious pagings : _c22cm(pbk) _bill. |
||
| 700 | _aSujana, S. | ||
| 942 |
_2ddc _cEN _mVEN _h530.124 |
||
| 999 |
_c77276 _d77276 |
||